00854nas a2200229Ia 4500001001100000003000900011008004100020040001300061040001300074041001300087100004000100210002000140222002000160245007100180250001100251260002900262501008600291300001700377362003300394500016100427650003600588R012/42606IT-RoPAU151124c99999999xx |||||||||||| ||und|| aIT-RoPAU cIT-RoPAU aITALIANO aHay JamesgCodice Aut. SPICS: 21375 aCINEMA & CINEMA aCinema & Cinema aCINEMA & CINEMA, ANNO 13-N.45 (GIUGNO 1986)bCose Dell'Altro Mondo a1a ed. aMILANObINTRAPRESAc1986 bPaulus - SPICS - Società San Paolo EM (non-commercial uses only)cCopyright2015 a3 p. [18-20] aANNO 013, N.45 (GIUGNO 1986) aGrand Hotel Nei Film degli Anni Venti e Trenta Come Luogo Sacro del Cinemacon Personaggi Esotici e Misteri Erotici. Fantasma del Bello nel Cinema Italiano. aCINEMAvPUBBLICAZIONE PERIODICA